<?xml version="1.0" encoding="UTF-8"?>
<collection xmlns:xsi="http://www.w3.org/2001/XMLSchema-instance" xsi:schemaLocation="http://www.loc.gov/MARC21/slim http://www.loc.gov/standards/marcxml/schema/MARC21slim.xsd" xmlns="http://www.loc.gov/MARC21/slim">
 <record>
  <leader>00000cab a22000004cb4500</leader>
  <controlfield tag="001">IPP-00000661442</controlfield>
  <controlfield tag="003">IPP</controlfield>
  <controlfield tag="005">20250312134329.0</controlfield>
  <controlfield tag="008">250312s2018    xx     d | ||r |||||eng||</controlfield>
  <datafield tag="041" ind1="#" ind2="#">
   <subfield code="a">eng</subfield>
  </datafield>
  <datafield tag="100" ind1="1" ind2="#">
   <subfield code="a">Scalice, Joseph</subfield>
  </datafield>
  <datafield tag="245" ind1="1" ind2="0">
   <subfield code="a">A planned and coordinated anarchy</subfield>
   <subfield code="b">the barricades of 1971 and the “Diliman Commune”</subfield>
   <subfield code="c">A planned and coordinated anarchy</subfield>
  </datafield>
  <datafield tag="264" ind1="#" ind2="1">
   <subfield code="c">2018</subfield>
  </datafield>
  <datafield tag="520" ind1="#" ind2="#">
   <subfield code="a">In early February 1971, students at UP Diliman erected barricades, fought off the military, and briefly established the “Diliman Commune.” Using material produced by the “communards” themselves, along with contemporary press reports, I reconstruct the dramatic narrative of the commune and debunk two prominent myths: that it was a spontaneous uprising and that it was an isolated event. The commune was a part of a widely coordinated set of barricades raised by the radical groups Kabataang Makabayan (KM) and Samahan ng Demokratikong Kabataan (SDK) in service, in the final analysis, to the political interests of their ruling class allies in an election year.</subfield>
  </datafield>
  <datafield tag="650" ind1="1" ind2="0">
   <subfield code="a">Anarchism</subfield>
  </datafield>
  <datafield tag="650" ind1="2" ind2="0">
   <subfield code="a">Protests, Demonstrations, etc</subfield>
  </datafield>
  <datafield tag="650" ind1="2" ind2="0">
   <subfield code="a">Diliman Commune</subfield>
  </datafield>
  <datafield tag="650" ind1="2" ind2="0">
   <subfield code="a">University of the Philippines</subfield>
  </datafield>
  <datafield tag="650" ind1="2" ind2="0">
   <subfield code="a">Marcos administration</subfield>
  </datafield>
  <datafield tag="650" ind1="2" ind2="0">
   <subfield code="a">Marcos, Ferdinand Emmanuel E., 1917-1989</subfield>
  </datafield>
  <datafield tag="773" ind1="0" ind2="#">
   <subfield code="t">Philippine Studies: Historical and Ethnographic Viewpoints</subfield>
   <subfield code="g">Vol. 66, no. 4 (Dec. 2018), 481-516</subfield>
  </datafield>
  <datafield tag="942" ind1="#" ind2="#">
   <subfield code="a">Article</subfield>
  </datafield>
  <datafield tag="950" ind1="#" ind2="#">
   <subfield code="a">FI</subfield>
  </datafield>
 </record>
</collection>
